| 000 | 01166cam a22003254a 4500 | ||
|---|---|---|---|
| 001 | 11949244 | ||
| 003 | OSt | ||
| 005 | 20151007125946.0 | ||
| 008 | 000322s2001 maua b 001 0 eng | ||
| 010 | _a 00037213 | ||
| 020 | _a0072321377 (student ed. : alk. paper) | ||
| 020 | _a0072357290 (annotated instructor's ed. : alk. paper) | ||
| 020 | _a0071180095 (International ed.) | ||
| 040 |
_aDLC _cDLC _dDLC |
||
| 042 | _apcc | ||
| 050 | 0 | 0 |
_aHM403 _b.S63 2001 |
| 082 | 0 | 0 |
_a301 _221 |
| 100 | 1 | _aSchaefer, Richard T. | |
| 245 | 1 | 0 |
_aSociology / _cRichard T. Schaefer. |
| 250 | _a7th ed. | ||
| 260 |
_aBoston, Mass. : _bMcGraw Hill, _cc2001. |
||
| 300 |
_axxxix, 690 p. : _bcol. ill., col. maps ; _c29 cm. |
||
| 504 | _aIncludes bibliographical references (p. 612-655) and index. | ||
| 650 | 0 | _aSociology. | |
| 650 | 0 | _aSocial problems. | |
| 651 | 0 |
_aUnited States _xSocial policy. |
|
| 906 |
_a7 _bcbc _corignew _d1 _eocip _f20 _gy-gencatlg |
||
| 942 |
_2lcc _cBK |
||
| 999 |
_c250250 _d250250 |
||